Nalaganje...

ലോകകവിത ചില ഏടുകള്‍

Bibliografske podrobnosti
Drugi avtorji: ദേശമംഗലം രാമകൃഷ്ണ൯, വിവ, Desamangalam Ramakrishnan, Tr
Format: Printed Book
Izdano: Kozhikode; Mathrubhumi Books; 2011
Izdaja:1st
Teme:
LEADER 00816nam a22001937a 4500
020 |a 978-81-8265-200-2 
082 |a  894.M1   |b RAM/L P1  
240 |a Lokakavitha - Chila Edukal 
245 |a ലോകകവിത ചില ഏടുകള്‍ 
250 |a 1st 
260 |a Kozhikode;  |b Mathrubhumi Books;  |c 2011 
300 |a 271p. 
650 |a മലയാളം;പദ്യം, കവിത, പാട്ടുകള്‍  |9 293360 
650 |a Malayalam;Poetry   |9 293363 
700 |a ദേശമംഗലം രാമകൃഷ്ണ൯, വിവ.  |9 293364 
700 |a Desamangalam Ramakrishnan, Tr.  |9 293365 
942 |c BK 
999 |c 44548  |d 44548 
952 |0 0  |1 0  |4 0  |6 894_000000000000000_M1_RAM_L_P1  |7 0  |8 POE  |9 51589  |a MAL  |b MAL  |d 2015-11-14  |e 52861  |g 190.00  |l 0  |o 894.M1 RAM/L P1  |p MAL052861  |r 2015-11-14  |t 1  |w 2015-11-14  |y BK